| 000 | 00406nam a2200169Ia 4500 | ||
|---|---|---|---|
| 005 | 20240823062929.0 | ||
| 008 | 240823s9999||||xx |||||||||||||| ||und|| | ||
| 082 | _A519.5 M7 | ||
| 100 | _aRamamurthy C G [etal] | ||
| 245 | 2 | _aA Consise Book on Statistics | |
| 250 | _a5th-Re | ||
| 260 |
_c1987 _b"S Chand,New Delhi" |
||
| 500 | _aYES | ||
| 650 |
_aMATHS _bMathematics |
||
| 942 | _cBK | ||
| 999 |
_c237053 _d237053 |
||